01370nam a2200337 a 4500001001200000003000800012006001900020007001500039008004100054010001700095020004200112020002700154040002100181035002100202050002100223100002600244245012300270260003800393300002900431490005000460504005100510533015200561650002300713650002900736650001900765655002900784710001700813830005700830856012600887999001901013ebr10421631CaPaEBRm u cr cn|||||||||100916s2010 enkab sb 001 0 eng d z 2010937247 z9781409401278 (hardback : alk. paper) z9781409401285 (e-book) aCaPaEBRcCaPaEBR a(OCoLC)69414400114aT55b.T39 2010eb1 aTaylor, John Bernard.10aSafety cultureh[electronic resource] :bassessing and changing the behaviour of organisations /cJohn Bernard Taylor. aFarnham, England :bGower,c2010. avi, 216 p. :bill., map.1 aPsychological and behavioural aspects of risk aIncludes bibliographical references and index. aElectronic reproduction.bPalo Alto, Calif. :cebrary,d2013.nAvailable via World Wide Web.nAccess may be limited to ebrary affiliated libraries. 0aIndustrial safety. 0aOrganizational behavior. 0aSystem safety. 7aElectronic books.2local2 aebrary, Inc. 0aPsychological and behavioral aspects of risk series.40uhttp://site.ebrary.com/lib/rucke/Doc?id=10421631zAn electronic book accessible through the World Wide Web; click to view c140093d140093